| 000 | 00586nam a2200229 a 4500 | ||
|---|---|---|---|
| 999 |
_c1969 _d1969 |
||
| 001 | 1969 | ||
| 003 | BD-JhCC | ||
| 005 | 20190904134018.0 | ||
| 008 | 171026s19982007nyu |||| || | 000 0 eng d | ||
| 020 | _a9780785289357 | ||
| 035 | _a(BD-JhCC)1969 | ||
| 040 |
_aBD-JhCC _dBD-JhCC |
||
| 041 | _aeng | ||
| 082 |
_a658.4092 _bMAX 2007 |
||
| 100 | _aMaxwell, John C. | ||
| 245 |
_aThe 21 Irrefutable Laws of Leadership _cJohn C. Maxwell, |
||
| 260 |
_aNew York : _bThomas Nelson, _c2007 |
||
| 300 |
_a309 p. : _c22 cm. |
||
| 650 | _aLeadership | ||
| 942 |
_2ddc _cBK _04 |
||